Etiqueta de registo: 00628ckm 2200205 450
001 844101
003 http://id.bnportugal.gov.pt/bib/catbnp/844101
005 19990126000000.0
095 ## $aPTBN00498279
100 ## $a19931013d1993 am d0pory0103 ba
101 0# $apor
102 ## $aPT
200 1# $aFestival de Verão - Seixal 93$bVisual gráfico]$fCâmara Municipal do Seixal
210 #9 $aSeixal$cC.M.,$d1993
215 ## $a1 cartaz$ccolor.$d42x30 cm
303 ## $aTexto impresso no verso
675 ## $a393.2(469.412)"1993"(084.5)$vBN$zpor$3771278
675 ## $a766(=1:469)"199"(084.5)$vBN$zpor$31285670
710 12 $aFestival de Verão,$eSeixal,$f1993$3113206
712 01 $aSeixal.$bCâmara Municipal$4557$315975
801 #0 $aPT$bBN$gRPC
966 ## $lBN$mICONOG$sCT. 4494 V.$x1
Etiqueta de registo: 00000nkm 2200025 450
001 2254556
003 http://id.bnportugal.gov.pt/bib/catbnp/2254556
100 ## $a20260126d1993 m y0pory01030103ba
101 0# $apor
102 ## $aPT
200 1# $aFestival de Verão - Seixal 93$bVisual gráfico]$fCâmara Municipal do Seixal
210 #9 $aSeixal$cCâmara Municipal do Seixal,$d1993$eSetúbal :$gRegiset)
215 ## $a1 cartaz$ccolor.$d62.9x45,9 cm
675 ## $a766(=1:469)"199"(084.5)$vBN$zpor$3589138
710 01 $aSeixal.$bCâmara Municipal$315975
711 12 $aFestival de Verão,$eSeixal,$f1993$3113206
801 #0 $aPT$bBN$gRPC
966 ## $lBN$mICONOG$sCT. 17881 A.$x1
971 ## $cCaticonografia9$d20260126
972 ## $d20260521$e1$vtoliveira$z0
995 ## $aPRR2026 $d20260126$iCaticonografia9